<?xml version="1.0" encoding="UTF-8"?>
<record
    xmlns:xsi="http://www.w3.org/2001/XMLSchema-instance"
    xsi:schemaLocation="http://www.loc.gov/MARC21/slim http://www.loc.gov/standards/marcxml/schema/MARC21slim.xsd"
    xmlns="http://www.loc.gov/MARC21/slim">

  <leader>00197nam a22000857a 4500</leader>
  <controlfield tag="001">1238824</controlfield>
  <controlfield tag="005">20251006123408.0</controlfield>
  <datafield tag="245" ind1=" " ind2=" ">
    <subfield code="a">ALLAH DE &#xD6;TES&#x130;N&#x130; BIRAK</subfield>
    <subfield code="c">U&#x11E;UR KO&#x15E;AR</subfield>
  </datafield>
  <datafield tag="260" ind1=" " ind2=" ">
    <subfield code="b">DESTEK YAYINLARI</subfield>
  </datafield>
  <datafield tag="999" ind1=" " ind2=" ">
    <subfield code="c">1238824</subfield>
    <subfield code="d">1238824</subfield>
  </datafield>
  <datafield tag="952" ind1=" " ind2=" ">
    <subfield code="0">0</subfield>
    <subfield code="1">0</subfield>
    <subfield code="2">ddc</subfield>
    <subfield code="4">0</subfield>
    <subfield code="7">0</subfield>
    <subfield code="a">1028</subfield>
    <subfield code="b">1028</subfield>
    <subfield code="d">2025-10-06</subfield>
    <subfield code="l">0</subfield>
    <subfield code="p">10288859</subfield>
    <subfield code="r">2025-10-06 12:34:21</subfield>
    <subfield code="w">2025-10-06</subfield>
    <subfield code="y">BK</subfield>
  </datafield>
</record>
